header

Linux+ study guide (Record no. 95561)

MARC details
000 -LEADER
fixed length control field 01179nam a22003134a 4500
082 04 - DEWEY DECIMAL CLASSIFICATION NUMBER
Classification number 005.4/32
100 1# - MAIN ENTRY--AUTHOR NAME
Personal name Smith, Roderick W.
245 10 - TITLE STATEMENT
Title Linux+ study guide
250 ## - EDITION STATEMENT
Edition statement 3rd ed.
260 ## - PUBLICATION, DISTRIBUTION, ETC. (IMPRINT)
Place of publication San Francisco, Calif. ;
-- London :
Name of publisher SYBEX,
Year of publication 2005.
300 ## - PHYSICAL DESCRIPTION
Number of Pages xxxiv, 558 p. :
Other physical details ill.
650 #0 - SUBJECT ADDED ENTRY--TOPICAL TERM
Topical Term Electronic data processing personnel
Topical Term Operating systems (Computers)
856 40 - ELECTRONIC LOCATION AND ACCESS
Uniform Resource Identifier http://site.ebrary.com/lib/rucke/Doc?id=10152553

No items available.

© 2026 Rongo University
Contact us: librarian | system librarian | Rongo university